00344nam a2200121Ia 4500008004100000041000800041082001200049100002100061245004800082260002900130300002000159520004300179240719s9999 xx 000 0 und d aeng a200 EAS aEknath, Easwaran aThe Bhagavad Gita For Daily Living Volume-2 aMumbaibJaico Bookc2013 a455.; P. 24 Cm. aGifted By : IMT Faculty Dr. Pawan Jain